|
|
|
|
| LEADER |
01112cam a2200265 7i4500 |
| 001 |
0000030584 |
| 005 |
20171030090000.0 |
| 008 |
100119 eng |
| 020 |
|
|
|a 9789812700124 (hbk.)
|
| 020 |
|
|
|a 9812700129 (hbk.)
|
| 090 |
0 |
0 |
|a GC211.2
|b .I96 2008
|
| 111 |
2 |
|
|a International Workshop on Long-Wave Runup Model
|c Santa Catalina Island, California
|d 2004
|n 3rd
|
| 245 |
1 |
0 |
|a Advanced numerical models for simulating tsunami waves and runup
|c editors, Philip L.-F. Liu, Harry Yeh, Costas Synolakis.
|
| 260 |
|
|
|a Hackensack, N.J.:
|b World Scientific,
|c 2008.
|
| 300 |
|
|
|a xix, 322 p.:
|b ill.;
|c 24 cm.
|
| 490 |
1 |
|
|a Advances in coastal and ocean engineering;
|v v. 10
|
| 504 |
|
|
|a Includes bibliographical references
|
| 650 |
0 |
0 |
|a Ocean waves --
|x Mathematical models
|
| 650 |
0 |
0 |
|a Tsunamis --
|x Mathematical models
|
| 700 |
1 |
|
|a Liu, Philip L.-F.
|
| 700 |
1 |
|
|a Yeh, Harry
|
| 700 |
1 |
|
|a Synolakis, Costas
|
| 997 |
|
|
|a Engineering & Life Sciences, Faculty
|b Engineering, Department
|
| 998 |
|
|
|a Civil Engineering, Degree
|
| 999 |
|
|
|a 0000038031
|b BOK
|c OPEN SHELF
|e 1st Floor, Bestari Jaya
|